Nedvědi 60, Fešáci 40 - Lucerna 07

Hlavní autor: Nedvěd, Jan, 1946-
Korporativní autor: Fešáci (hudební skupina)
Další autoři: Nedvěd, František, 1947-2021
Jazyk: Čeština
Vydáno: [Praha] : Universal Music, p2008
Témata:
Fyzický popis: 1 zvuková deska : digital, stereo ; 12 cm + 1 brožura + 1 DVD-video
Zvukové nahrávky
Uloženo v:
LEADER 02411njm a2200481 a 4500
001 000927381
003 CZ BrMZK
005 20090202103951.0
007 sd fsngnnmmned
008 090119s2008 xr mun g cze d
024 1 |a 602517753037 
028 3 1 |a 177 530-3  |b Universal Music 
040 |a BOA001  |b cze 
040 |a ABA001  |b cze 
047 |a pp  |a cy 
072 7 |a 784  |x Vokální hudba  |2 Konspekt  |9 9 
080 |a 784.4  |2 MRF 
080 |a 78.036  |2 MRF 
080 |a (086.76)  |2 MRF 
100 1 |a Nedvěd, Jan,  |d 1946-  |7 jn19990209580  |4 cmp  |4 lyr  |4 itr  |4 sng 
245 1 0 |a Nedvědi 60, Fešáci 40 - Lucerna 07  |h [zvukový záznam] 
246 3 |a Lucerna 07 
246 3 |a Nedvědi 60, Fešáci 40 
246 3 |a Nedvědi 60 + Fešáci 40 - Lucerna 07 
260 |a [Praha] :  |b Universal Music,  |c p2008 
300 |a 1 zvuková deska :  |b digital, stereo ;  |c 12 cm +  |e 1 brožura + 1 DVD-video 
306 |a 011923  |a 011944 
500 |a Výroční společný koncert bratří Nedvědů, skupiny Fešáci a jejich hostů 
500 |a Fonogram na obalu p2007 Universal Music 
500 |a Kompaktní deska 
500 |a Durata: 79:23 ; 79:44 
505 0 0 |g Fešáci.  |t Byl to pád ;  |t Pojedou ;  |t Dnes beru ;  |t Blues folsomské věznice ;  |t Tam u nebeských bran ;  |t Paní má se má ;  |t Hvězda Countryon --  |g František Nedvěd a Druhé Podání.  |t Poprvé sám ;  |t Kočovní herci ;  |t Jsem jenom chlap ;  |t Opuštěnej lokál ;  |t Devatenáct ;  |t Co s tím dělat můžu ;  |t Rejdivá --  |g Jan Nedvěd a Vojta Nedvěd se skupinou Jana Nedvěda.  |t Čepice ;  |t Na kameni kámen ;  |t Frankie dlouhán ;  |t Podvod ;  |t Miluju ;  |t Do kostela ;  |t Růže z papíru ;  |t Hopsinky --  |g Jan a František Nedvědi.  |t Slunovrat ;  |t Skládanka ;  |t Igelit ;  |t Jižní kříž ;  |t Proužek ;  |t Stánky --  |g Finále - všichni účinkující.  |t Valčíček 
511 1 |a Jan Nedvěd, František Nedvěd ; Fešáci, Druhé Podání, Skupina Jana Nedvěda ; a hosté 
518 |a Praha Lucerna 19.12.2007 
650 0 7 |a folk  |7 ph119202  |2 czenas 
650 0 7 |a country music  |7 ph224322  |2 czenas 
655 7 |a kompaktní desky  |7 fd201991  |2 czenas 
700 1 |a Nedvěd, František,  |d 1947-2021  |7 jn19990209579  |4 cmp  |4 lyr  |4 itr  |4 sng 
710 2 |a Fešáci (hudební skupina)  |7 kn20010710194 
910 |a BOA001  |b CD-0015.005 
990 |a AV 
991 |b 200902 
996 6 |b 261H016666  |c CD-0015.005  |l MZK  |r Sklad / do 24 hodin  |n 0  |w 000927381  |u 000010  |a 1  |e BOA001  |j MZK50  |s P